[Event "Tirnavia"]
[Site "Trnava"]
[Date "1984.??.??"]
[Round "1"]
[White "Meduna, Eduard"]
[Black "Cabrilo, Goran"]
[Result "1/2-1/2"]
[WhiteElo "2475"]
[BlackElo "2430"]

1.d4 Nf6 2.c4 e6 3.Nf3 c5 4.d5 exd5 5.cxd5 d6 6.Nc3 g6 7.Bf4 a6 8.a4 Bg7
9.e4 Bg4 10.Be2 Bxf3 11.Bxf3 O-O 12.O-O Qe7 13.a5 Nbd7 14.h3 Rfc8 15.Ra4 c4
16.Qe2 b5 17.axb6 Nxb6 18.Rb4 Nfd7 19.Bg4 a5 20.Rb5 a4 21.Rc1 Rcb8 22.Bxd7 Qxd7
23.Rb4 Qe7 24.Qe3 Ra6 25.Nxa4 Rxa4 26.Rxb6 Rd8 27.Rc6 c3 28.bxc3 Rxe4 29.Qg3 Be5
30.Bxe5 Rxe5 31.c4 h5 32.Rb1 h4 33.Qc3 Re8 34.Rcb6 Kh7 35.Qb4 Re1+ 36.Rxe1 Qxe1+
37.Qxe1 Rxe1+ 38.Kh2 Rc1 39.Rc6 Rc2 40.f3 Kh6 41.Kg1 Kg5 42.Rxd6 Rxc4 43.Kf2 Rc2+  1/2-1/2

[Event "Tirnavia"]
[Site "Trnava"]
[Date "1984.??.??"]
[Round "7"]
[White "Ftacnik, Lubomir"]
[Black "Podzielny, Karl Heinz"]
[Result "1/2-1/2"]
[WhiteElo "2570"]
[BlackElo "2405"]

1.d4 Nf6 2.Nf3 e6 3.c4 c5 4.d5 exd5 5.cxd5 d6 6.Nc3 g6 7.Nd2 Bg7 8.Nc4 O-O
9.Bg5 h6 10.Bf4 Ne8 11.Qc1 g5 12.Bd2 f5 13.h4 f4 14.hxg5 hxg5 15.e3 Bf5 16.exf4 Qe7+
17.Be2 b5 18.Ne3 b4 19.Nxf5 Rxf5 20.Nd1 gxf4 21.Kf1 Nf6 22.Bxf4 Nbd7 23.g3 Nxd5
24.Qc2 Qf7 25.Bg4 Rxf4 26.gxf4 Nxf4 27.Qh7+ Kf8 28.Bxd7 Qxd7 29.Qe4 Qb5+
30.Kg1 Ne2+ 31.Kg2 Re8 32.Qf5+ Kg8 33.Qd5+ Kf8 34.Qxd6+ Kf7 35.Rh5 Qd3 36.Qxd3 Nf4+
37.Kf3 Nxd3 38.Rd5 c4 39.Rb1 Ke6 40.Rxd3 cxd3 41.Rc1 Kd7 42.Rc5 Kd6 43.Rg5 Bd4  1/2-1/2

[Event "Valjevo"]
[Site "Valjevo"]
[Date "1984.??.??"]
[Round "13"]
[White "Akesson, Ralf"]
[Black "Zivkovic, Vladislav"]
[Result "1/2-1/2"]
[WhiteElo "2430"]
[BlackElo "2200"]

1.d4 Nf6 2.Nf3 c5 3.d5 e6 4.c4 exd5 5.cxd5 d6 6.Nc3 g6 7.Nd2 Nbd7 8.e4 a6
9.a4 Bg7 10.Be2 O-O 11.O-O Re8 12.Re1 Qc7 13.Qc2 b6 14.f4 Rb8 15.Rb1 h5 16.b3 Ng4
17.Nd1 Nf8 18.Bb2 f5 19.Bf3 fxe4 20.Nxe4 Bf5 21.Ne3 Nxe3 22.Rxe3 b5 23.axb5 axb5
24.Rbe1 Nh7 25.Bxg7 Qxg7 26.Qd2 Qf8 27.Ng3 Bd7 28.Be4 Qf7 29.Qd3 Nf8 30.f5 g5
31.Qd1 h4 32.Nh5 Re5 33.Bc2 Rxe3 34.Rxe3 Re8 35.Re6 Bxe6 36.dxe6 Nxe6 37.fxe6 Qxe6
38.Be4 Kh8 39.Qf1 Qe5 40.Bc6 Qe3+ 41.Kh1 Qe1 42.Kg1 Qxf1+ 43.Kxf1 Re3 44.Bxb5 Rxb3
45.Be2 d5 46.Nf6 d4 47.Ne4 d3 48.Bd1 Rb1 49.Ke1 c4 50.Kd2 g4 51.Bxg4 Rb2+
52.Kc3 Rc2+ 53.Kd4 Rxg2 54.Bf3 Rc2 55.h3 Rh2 56.Bg4 Re2 57.Bf3 Rh2 58.Bg4 Re2
59.Bf3 Rc2 60.Nc3 Rh2 61.Bg4 Rg2 62.Be6 Rg3 63.Bxc4 d2 64.Be2 Rxh3 65.Ne4 Ra3
66.Nxd2 Kg7 67.Nf3 h3 68.Ke4 Ra2 69.Bf1 h2 70.Nxh2 Rxh2 71.Ke5 Rd2 72.Bc4 Kf8
73.Ke6 Kg7 74.Ke5 Kg6 75.Bb5 Rd1 76.Bc4 Re1+ 77.Kd4 Kf6 78.Bd3 Ke6 79.Be4 Kd6
80.Bf3 Rf1 81.Ke4 Rb1 82.Kf4 Ke6 83.Bg4+ Kf6 84.Bf3 Rb4+ 85.Be4 Ra4 86.Ke3 Ke5
87.Bg6 Ra3+ 88.Bd3 Rb3 89.Ke2 Kd4 90.Bg6 Ke5 91.Bd3 Rb2+ 92.Ke3 Rh2 93.Bf1 Rh1
94.Bg2 Ra1 95.Bc6 Ra3+ 96.Ke2 Kd4 97.Bd7 Rc3 98.Bf5 Rc7 99.Bg6 Rg7 100.Bf5 Rg2+
101.Kf3  1/2-1/2

[Event "URS-ch U20"]
[Site "Vilnius"]
[Date "1984.??.??"]
[Round "6"]
[White "Sturua, Zurab"]
[Black "Pigusov, Evgeny"]
[Result "1/2-1/2"]
[WhiteElo "2450"]
[BlackElo "2460"]

1.d4 Nf6 2.c4 c5 3.d5 e6 4.Nc3 exd5 5.cxd5 d6 6.Nf3 g6 7.Bf4 a6 8.a4 Bg7
9.e4 O-O 10.Be2 Bg4 11.O-O Qe7 12.Nd2 Bxe2 13.Qxe2 Nh5 14.Be3 Nd7 15.g4 f5
16.exf5 gxf5 17.gxh5 Bxc3 18.bxc3 f4 19.Kh1 fxe3 20.Qxe3 Qf7 21.Qg3+ Kh8
22.Qxd6 Nf6 23.c4 Qxh5 24.Rae1 b5 25.axb5 axb5 26.cxb5 Rad8 27.Qe5 Rxd5 28.Qxh5 Rxh5
29.Rg1 c4 30.b6 c3 31.Nc4 Rb5 32.Re6 c2 33.Re2 Nd7 34.Rxc2 Nxb6 35.Nd6 Rd5
36.Rc6 Rf6 37.Rxb6 Rfxd6  1/2-1/2

[Event "Vrnjacka Banja"]
[Site "Vrnjacka Banja"]
[Date "1984.??.??"]
[Round "?"]
[White "Spassov, Liuben"]
[Black "Barlov, Dragan"]
[Result "1/2-1/2"]
[WhiteElo "2475"]
[BlackElo "2410"]

1.d4 Nf6 2.c4 e6 3.Nf3 c5 4.d5 exd5 5.cxd5 d6 6.Nc3 g6 7.g3 Bg7 8.Bg2 O-O
9.O-O Re8 10.Nd2 Nbd7 11.h3 a6 12.a4 Rb8 13.Nc4 Nb6 14.Na3 Bd7 15.Qc2 Qc7
16.Bd2 Nxa4 17.Nxa4 b5 18.Nc3 b4 19.Nc4 bxc3 20.Bxc3 Bb5 21.b3 Qe7 22.Rfe1 Nd7
23.Bxg7 Kxg7 24.Qc3+ Kg8 25.Na5 Qf6 26.Qxf6 Nxf6 27.e4  1/2-1/2

[Event "Vrnjacka Banja"]
[Site "Vrnjacka Banja"]
[Date "1984.??.??"]
[Round "?"]
[White "Damljanovic, Branko"]
[Black "Martinovic, Slobodan"]
[Result "1-0"]
[WhiteElo "2400"]
[BlackElo "2460"]

1.d4 Nf6 2.c4 e6 3.Nf3 c5 4.d5 exd5 5.cxd5 d6 6.Nc3 g6 7.Bf4 Bg7 8.Qa4+ Bd7
9.Qb3 Qc7 10.e4 O-O 11.Be2 a6 12.e5 dxe5 13.Bxe5 Qc8 14.a4 Re8 15.O-O Bg4
16.Rfe1 Nbd7 17.Bf4 Ne4 18.Ng5 c4 19.Bxc4 Ndc5 20.Qa3 Qf5 21.Ngxe4 Nxe4 22.Be3 Nxc3
23.bxc3 Rac8 24.Qb3 b5 25.axb5 axb5 26.Bxb5 Rxc3 27.Qb1 Rd8 28.Qxf5 Bxf5
29.Bc6 Bf6 30.Ra8 Rxa8 31.Bxa8 Rd3 32.Bh6 Bd7 33.Bc6 Bxc6 34.dxc6 Rd8 35.c7 Rc8
36.Bf4 g5 37.Bd6 Kg7 38.Rb1 Re8 39.g3 h5 40.Rb8  1-0

[Event "Zuerich op"]
[Site "Zuerich"]
[Date "1984.??.??"]
[Round "9"]
[White "Bellon Lopez, Juan Manuel"]
[Black "Kindermann, Stefan"]
[Result "1/2-1/2"]
[WhiteElo "2425"]
[BlackElo "2490"]

1.d4 Nf6 2.Nf3 e6 3.c4 c5 4.d5 exd5 5.cxd5 d6 6.Nc3 g6 7.Bf4 a6 8.a4 Bg7
9.e4 Bg4 10.Be2 O-O 11.O-O Re8 12.Nd2 Bxe2 13.Qxe2 Nh5 14.Be3 Nd7 15.Kh1 Ne5
16.Rg1 Nf6 17.g4 Qc8 18.g5 Nfg4 19.f4 Nxe3 20.Qxe3 Nd7 21.Qd3 Qc7 22.a5 Rec8
23.Nc4 b5 24.axb6 Nxb6 25.Ne3 c4 26.Qe2 Qe7 27.Ng4 Nd7 28.Rae1 f6 29.gxf6 Nxf6
30.e5 Nxg4 31.Rxg4 Qf7 32.Qg2 Rf8 33.Ne4 dxe5 34.Nd6 Qa7 35.fxe5 Rf2 36.Qg1 Rxb2
37.Qxa7 Rxa7 38.Nxc4 Rb4 39.d6 Bf8 40.Rd4 Ra8 41.Rf1 Bg7 42.Re4 Rf8 43.Rxf8+ Bxf8
44.d7 Be7 45.e6 g5 46.Kg2 Kg7 47.Kf3 Kf6 48.Ke3 a5 49.Kd3 a4 50.Re1 a3 51.Nd6 a2
52.Ne8+ Kf5 53.Nd6+ Kf6 54.Ne8+ Kf5 55.Nd6+ Kf6 56.Ne8+  1/2-1/2

[Event "Balatonbereny op"]
[Site "Balatonbereny"]
[Date "1985.??.??"]
[Round "1"]
[White "Lukacs, Peter"]
[Black "Kovacevic, Slobodan"]
[Result "1/2-1/2"]
[WhiteElo "2465"]
[BlackElo "2380"]

1.d4 Nf6 2.c4 e6 3.Nf3 c5 4.d5 exd5 5.cxd5 d6 6.Nc3 g6 7.Nd2 Nbd7 8.e4 Bg7
9.Be2 O-O 10.O-O Re8 11.a4 Ne5 12.Ndb1 h6 13.f4 Ned7 14.Bf3 c4 15.Be3 Nxe4
16.Nxe4 f5 17.Nxd6 Rxe3 18.Nxc4 Re8 19.Nc3 Nb6 20.Na3 Qd6 21.Kh1 Bd7 22.a5 Nc8
23.Qb3 Rb8 24.Nab5 Qxf4 25.d6+ Kh8 26.Qf7 Bxb5 27.Nxb5 Nxd6 28.Nxd6 Qxd6
29.Rad1 Qf6 30.Rd7 Qxf7 31.Rxf7 Bxb2 32.Bxb7 Be5 33.a6 Rbd8 34.Bf3 Bd4 35.Rd1 Bb6
36.Rxd8 Bxd8 37.g4 Bb6 38.gxf5 gxf5 39.Rxf5 Kg8 40.Kg2  1/2-1/2

[Event "Balatonbereny op"]
[Site "Balatonbereny"]
[Date "1985.??.??"]
[Round "1"]
[White "Horvath, Gyula"]
[Black "Schneider, Attila"]
[Result "1/2-1/2"]
[WhiteElo "2350"]
[BlackElo "2425"]

1.d4 Nf6 2.c4 e6 3.Nf3 c5 4.d5 exd5 5.cxd5 d6 6.Nc3 g6 7.Bg5 a6 8.Nd2 h6
9.Bh4 g5 10.Bg3 b5 11.e3 Bf5 12.a4 b4 13.Ncb1 Bg7 14.Nc4 Ne4 15.Bd3 Nxg3
16.hxg3 Bxd3 17.Qxd3 O-O 18.Qf5 Nd7 19.Nbd2 Nf6 20.Rd1 Qe7 21.O-O Rad8 22.Rfe1  1/2-1/2

[Event "Balatonbereny op"]
[Site "Balatonbereny"]
[Date "1985.??.??"]
[Round "5"]
[White "Deak, Sandor"]
[Black "Schneider, Attila"]
[Result "0-1"]
[WhiteElo "2245"]
[BlackElo "2425"]

1.d4 Nf6 2.c4 e6 3.Nf3 c5 4.d5 exd5 5.cxd5 d6 6.Nc3 g6 7.Nd2 Nbd7 8.e4 Bg7
9.Be2 O-O 10.O-O Re8 11.f4 c4 12.Kh1 Nc5 13.e5 dxe5 14.fxe5 Rxe5 15.Nxc4 Re8
16.Bg5 h6 17.Bh4 Nce4 18.Nxe4 Rxe4 19.Bxf6 Bxf6 20.Bd3 Rd4 21.Qf3 Kg7 22.Rae1 Rxd5
23.Be4 Rh5 24.b3 Rb8 25.Bb1 b5 26.Re8 Qd4 27.Ne5 Bf5 28.Rd1 Qh4 29.Qxh5 Qxh5
30.g4 Rxe8  0-1

[Event "Balatonbereny op"]
[Site "Balatonbereny"]
[Date "1985.??.??"]
[Round "6"]
[White "Farago, Sandor"]
[Black "Petran, Pal"]
[Result "0-1"]
[WhiteElo "2325"]
[BlackElo "2440"]

1.d4 Nf6 2.c4 c5 3.d5 e6 4.Nc3 exd5 5.cxd5 d6 6.Nf3 g6 7.Nd2 Nbd7 8.e4 Bg7
9.Be2 O-O 10.O-O Re8 11.f4 c4 12.Kh1 Nc5 13.e5 dxe5 14.Nxc4 e4 15.f5 Bxf5
16.Bf4 Nd3 17.Bxd3 exd3 18.Nd6 Qd7 19.Nxe8 Rxe8 20.Qb3 Ne4 21.Nd1 Bg4 22.Nf2 Nxf2+
23.Rxf2 Be2 24.Bd2 Bd4 25.Rf4 Be5 26.Rf2 Qg4 27.Qxb7 Rf8 28.Qb4 Qh5 29.Bf4 Rb8
30.Qe4 Bxf4 31.Qxf4 Rf8 32.Qd4 Rd8 33.d6 Qg4 34.Rf4 Qe6 35.Rf6 Qg4 36.Qxa7 Rd7
37.Qd4  0-1

[Event "Boeblingen op"]
[Site "Boeblingen"]
[Date "1985.??.??"]
[Round "?"]
[White "Spurga, Josef"]
[Black "Hardicsay, Peter"]
[Result "0-1"]
[WhiteElo "2200"]
[BlackElo "2340"]

1.d4 Nf6 2.c4 c5 3.d5 e6 4.Nc3 exd5 5.cxd5 d6 6.Nf3 g6 7.Nd2 Nbd7 8.e4 Bg7
9.Be2 O-O 10.O-O Re8 11.a4 Ne5 12.f3 a6 13.a5 g5 14.Ra3 h6 15.Qc2 Nh5 16.g3 Bh3
17.Re1 Ng6 18.Nc4 Bd4+ 19.Be3 Qf6 20.Nd1 Re7 21.Bf2 Ng7 22.Qd2 Bd7 23.Bxd4 cxd4
24.Nb6 Rae8 25.Nxd7 Rxd7 26.Ra4 Ne5 27.f4 gxf4 28.gxf4 Ng6 29.f5 Nh4 30.Qf4 Kh7
31.Nf2 Rg8 32.Kh1 h5 33.Ra3 Ng2 34.Qd2 Nxe1 35.Qxe1 Ne8 36.Rh3 Rg5 37.Ng4 Qg7
38.Qh4 f6 39.Rg3 Kh8 40.Nf2 Kg8 41.Bxh5 Rxg3 42.hxg3 Kf8 43.Kg2 Rc7 44.Nd3 Rc2+
45.Kf3 Qh6 46.Nf4 Ng7 47.g4 Nxh5 48.gxh5 Rxb2 49.Ne6+ Ke7 50.Nf4 Rb3+ 51.Ke2 Kd7  0-1

[Event "Borgarnes"]
[Site "Borgarnes"]
[Date "1985.??.??"]
[Round "4"]
[White "Thorsteins, Karl"]
[Black "Hansen, Curt"]
[Result "0-1"]
[WhiteElo "2400"]
[BlackElo "2505"]

1.d4 Nf6 2.c4 e6 3.Nf3 c5 4.d5 exd5 5.cxd5 d6 6.Nc3 g6 7.Bf4 a6 8.a4 Bg7
9.e4 O-O 10.Be2 Bg4 11.O-O Bxf3 12.Bxf3 Qe7 13.a5 Nbd7 14.Re1 Ne8 15.Qd2 Nc7
16.Bg5 Bf6 17.Bxf6 Qxf6 18.Bg4 Ne5 19.Be2 g5 20.b4 cxb4 21.Na4 Nb5 22.Nb6 Rae8
23.Bxb5 axb5 24.Rab1 Qg6 25.Rxb4 g4 26.Kh1 f5 27.exf5 Rxf5 28.Rc1 Qf6 29.Kg1 Qg7
30.Kh1 Ref8 31.Rc8 Rxc8 32.Nxc8 Qf8 33.Qc1 Rxf2 34.Kg1 Re2 35.Rf4 Qg7 36.Nxd6 Nf3+
37.Rxf3 gxf3 38.Qc8+ Qf8 39.Qg4+ Kh8 40.gxf3 Qxd6  0-1

[Event "Budapest Elekes"]
[Site "Budapest"]
[Date "1985.??.??"]
[Round "?"]
[White "Groszpeter, Attila"]
[Black "Kindermann, Stefan"]
[Result "1-0"]
[WhiteElo "2470"]
[BlackElo "2490"]

1.d4 Nf6 2.c4 e6 3.Nf3 c5 4.d5 exd5 5.cxd5 d6 6.Nc3 g6 7.Bg5 h6 8.Bh4 a6
9.a4 Bg7 10.e3 g5 11.Bg3 Nh5 12.Bd3 Qe7 13.Qc2 Nxg3 14.hxg3 Nd7 15.Bf5 Ne5
16.a5 Bxf5 17.Qxf5 Nd7 18.Nd2 b5 19.axb6 Nxb6 20.g4 Qd7 21.Nde4 Ke7 22.Ng3 Be5
23.Qe4 Kd8 24.Nf5 Kc7 25.g3 Qe8 26.Qd3 Bxc3+ 27.Qxc3 Qe4 28.O-O Rhd8 29.Rac1 Nxd5
30.Qa5+ Kc6 31.Rfd1 Qb4 32.Qa2 Nc7 33.Qxf7 Qxg4 34.Rd4 Qe2 35.Rb4 Nb5 36.Nd4+  1-0

[Event "ARG-ch"]
[Site "Buenos Aires"]
[Date "1985.??.??"]
[Round "6"]
[White "Miana, Elias"]
[Black "Grinberg, Ricardo"]
[Result "0-1"]
[WhiteElo "2220"]
[BlackElo "2370"]

1.d4 Nf6 2.c4 e6 3.Nc3 c5 4.d5 exd5 5.cxd5 d6 6.Nf3 g6 7.h3 Bg7 8.Bf4 O-O
9.e3 Na6 10.Bc4 Nc7 11.a4 a6 12.a5 Qe7 13.Na4 Nd7 14.Qb3 Ne5 15.Bxe5 Bxe5
16.Nb6 Rb8 17.Nxe5 Qxe5 18.O-O Qe7 19.Qc3 Nb5 20.Bxb5 axb5 21.b4 c4 22.a6 bxa6
23.Nxc8 Rfxc8 24.Rxa6 Ra8 25.Rfa1 Qd8 26.Qa3 Rxa6 27.Qxa6 Qd7 28.e4 c3 29.Rc1 c2
30.Qa2 Qc7 31.Qb3 Kg7 32.Kf1 Qc4+ 33.Qxc4 Rxc4 34.f3 Kf6 35.Ke2 Ke5 36.Kd3 f5
37.exf5 gxf5 38.g4 fxg4 39.fxg4 Kxd5 40.Rxc2 Rxb4 41.Rc3 Rd4+ 42.Ke3 Rc4
43.Rd3+ Ke5 44.Kf3 d5 45.Re3+ Re4 46.Rc3 Rf4+ 47.Kg3 Rf7 48.Re3+ Kd4 49.Re8 Rb7  0-1

[Event "CAN-ch"]
[Site "?"]
[Date "1985.??.??"]
[Round "9"]
[White "Berube, Richard"]
[Black "Moshopoulos, Angelos"]
[Result "1/2-1/2"]
[WhiteElo "2200"]
[BlackElo "2200"]

1.d4 Nf6 2.c4 c5 3.d5 e6 4.Nc3 exd5 5.cxd5 d6 6.Nf3 g6 7.Bf4 a6 8.a4 Bg7
9.e4 Bg4 10.Be2 Bxf3 11.Bxf3 O-O 12.O-O Qe7 13.Qb3 Nbd7 14.h3 Rab8 15.Qc2 Ne5
16.Be2 Nfd7 17.Bh2 g5 18.a5 Ng6 19.Nd1 Nf4 20.Ne3 Be5 21.Nf5 Qf6 22.Bxf4 gxf4
23.Ra2 Kh8 24.b3 Rg8 25.Bf3 Nf8 26.Rb1 Ng6 27.b4 Nh4 28.Nxh4 Qxh4 29.Kh1 Rbc8
30.b5 Qe7 31.bxa6 bxa6 32.Qc4 Rb8 33.Rb6 Ra8 34.Rxa6 Rxa6 35.Qxa6 Rb8 36.Qc6 Qg5
37.Rd2 Kg7 38.Rd1 Rb2 39.a6 Rxf2 40.Qd7 Ra2 41.a7 Qg3 42.Rf1 h5 43.Qb7 Rxg2
44.Bxg2 f3 45.Qxf7+ Kh6 46.Qf8+ Kh7 47.Qf5+ Kh6 48.Qe6+  1/2-1/2

[Event "Mittelfranken"]
[Site "Germany"]
[Date "1985.??.??"]
[Round "?"]
[White "Popp, K."]
[Black "Wallinger, Manfred"]
[Result "1/2-1/2"]
[WhiteElo "2200"]
[BlackElo "2200"]

1.d4 Nf6 2.c4 c5 3.d5 e6 4.Nc3 exd5 5.cxd5 d6 6.Nf3 g6 7.Bf4 Bg7 8.Qa4+ Bd7
9.Qb3 Qc7 10.e4 O-O 11.Be2 Re8 12.Nd2 a6 13.Bxd6 Qxd6 14.Qxb7 Nc6 15.Nc4 Qb8
16.dxc6 Qxb7 17.cxb7 Rab8 18.Nd6 Re6 19.O-O-O Bf8 20.e5 Rxe5 21.Bxa6 Re6
22.Nde4 Nxe4 23.Nxe4 Ba4 24.b3 Rxa6 25.bxa4 Rxa4 26.Nc3 Rc4 27.Kc2 Bg7 28.Rd3 Rb4
29.Rd7 Bd4 30.Rd1 R8xb7 31.Rxb7 Rxb7 32.Rb1 Rxb1 33.Nxb1 Bxf2 34.Kd3 Kf8
35.Kc4 Ke7 36.Kd5 Bg1 37.h3 Kd7 38.Nc3 f5 39.Na4 c4 40.Kxc4 Ke6 41.Nc5+ Kd6
42.Nd3 Ba7 43.a4 g5 44.a5 h5 45.a6 Be3 46.Ne1 Bb6 47.Kd3 Ke5 48.g3 f4 49.g4 hxg4
50.hxg4 f3  1/2-1/2

[Event "Mittelfranken"]
[Site "Germany"]
[Date "1985.??.??"]
[Round "?"]
[White "Schmid, Michael"]
[Black "Steiner, Bruno"]
[Result "1/2-1/2"]
[WhiteElo "2200"]
[BlackElo "2200"]

1.d4 Nf6 2.c4 c5 3.d5 e6 4.Nf3 exd5 5.cxd5 d6 6.Nc3 g6 7.Bg5 Bg7 8.Qc2 O-O
9.e4 Re8 10.Nd2 a6 11.a4 Qa5 12.Bxf6 Bxf6 13.Ra3 Qc7 14.Be2 Nd7 15.O-O Ne5
16.Nd1 Bg7 17.Ne3 Rb8 18.b4 b6 19.b5 Ra8 20.f4 Nd7 21.Kh1 axb5 22.Bxb5 Ba6
23.Rb3 Bxb5 24.axb5 Ra4 25.Nec4 Rea8 26.Rbb1 g5 27.fxg5 Ne5 28.Nxe5 Bxe5
29.Nc4 Ra2 30.Qd1 R8a4 31.Nxe5 dxe5 32.Qf3 R2a3 33.Qf6 Rxe4 34.d6 Qd7 35.Qe7 Ra7
36.Rxf7 Qxe7 37.Rxe7 Rxe7 38.dxe7 Kf7 39.g3 Kxe7 40.h4 Rd4 41.Rf1 c4 42.Kg2 c3  1/2-1/2

[Event "Hamburg HSV"]
[Site "Hamburg"]
[Date "1985.??.??"]
[Round "?"]
[White "Wegner, Hannu"]
[Black "King, Daniel J"]
[Result "1/2-1/2"]
[WhiteElo "2210"]
[BlackElo "2435"]

1.d4 Nf6 2.c4 e6 3.Nf3 c5 4.d5 exd5 5.cxd5 d6 6.Nc3 g6 7.Bf4 a6 8.a4 Bg7
9.e4 Bg4 10.Be2 O-O 11.O-O Nh5 12.Bg5 Bf6 13.Be3 Bxf3 14.Bxf3 Ng7 15.a5 Nd7
16.Bg4 Re8 17.Qc2  1/2-1/2

[Event "Hamburg HSV"]
[Site "Hamburg"]
[Date "1985.??.??"]
[Round "?"]
[White "Wegner, Hannu"]
[Black "Wahls, Matthias"]
[Result "1-0"]
[WhiteElo "2210"]
[BlackElo "2285"]

1.d4 e6 2.c4 c5 3.d5 Nf6 4.Nf3 d6 5.Nc3 exd5 6.cxd5 g6 7.Bf4 Bg7 8.Qa4+ Bd7
9.Qb3 Qc7 10.e4 O-O 11.Nd2 Nh5 12.Be3 f5 13.exf5 gxf5 14.Be2 f4 15.Bxc5 f3
16.Bxf3 Qxc5 17.Nde4 Bxc3+ 18.bxc3 Re8 19.O-O Qc7 20.Rfe1 Rxe4 21.Rxe4 Ng7
22.Rc4 Qb6 23.Rb4 Qd8 24.Rxb7 a5 25.Be2 Bf5 26.g4  1-0

[Event "Lugano op"]
[Site "Lugano"]
[Date "1985.??.??"]
[Round "?"]
[White "Tukmakov, Vladimir B"]
[Black "Schmittdiel, Eckhard"]
[Result "1/2-1/2"]
[WhiteElo "2570"]
[BlackElo "2265"]

1.d4 Nf6 2.Nf3 e6 3.c4 c5 4.d5 exd5 5.cxd5 d6 6.Nc3 g6 7.Nd2 Bg7 8.e4 O-O
9.Be2 Na6 10.O-O Nc7 11.Kh1 Re8 12.a4 Qe7 13.Re1 b6 14.Nc4 Ba6 15.e5 Ng4
16.Bxg4 Bxc4 17.Bf4 Qd8 18.exd6 Rxe1+ 19.Qxe1 Nxd5 20.Be5 Qg5 21.Bxg7 Qxg4
22.Bh6 Rd8 23.Qe5 Qd4 24.f4 Nf6 25.h3 Re8 26.Qxd4 cxd4 27.Nb5 d3 28.d7 Rb8
29.Rc1 d2 30.Rd1 Ne4 31.Rxd2 Nxd2 32.Bg5 Bxb5 33.axb5 Nc4 34.d8=Q+ Rxd8 35.Bxd8 Nd6
36.Bf6 Nxb5 37.g4 Nc7 38.Kg2 Nd5 39.Be5 f5 40.Kg3 Kf7 41.Kh4 Ke6 42.Kg5 fxg4
43.hxg4 Kf7 44.f5 b5 45.Kh6 gxf5 46.gxf5 a5 47.b3 a4 48.bxa4 bxa4 49.Kxh7 Nf6+
50.Kh8 a3 51.Bd4 a2 52.Be5 Ng4 53.Ba1 Nh6 54.f6 Kg6 55.Bb2 Ng4 56.Kg8 Nxf6+
57.Kf8 Nd5 58.Ke8 Nb6 59.Kd8 Kf5 60.Kc7 Nc4 61.Ba1 Ke4 62.Kc6 Na3 63.Kc5 Nc2
64.Bb2  1/2-1/2

[Event "Lugano op"]
[Site "Lugano"]
[Date "1985.??.??"]
[Round "4"]
[White "Peric, Stevan"]
[Black "Klinger, Josef"]
[Result "0-1"]
[WhiteElo "2245"]
[BlackElo "2495"]

1.d4 Nf6 2.c4 c5 3.d5 e6 4.Nc3 exd5 5.cxd5 d6 6.Nf3 g6 7.Bf4 Bg7 8.Qa4+ Bd7
9.Qb3 Qc7 10.e4 O-O 11.Nd2 Nh5 12.Be3 f5 13.exf5 gxf5 14.Be2 f4 15.Bxc5 f3
16.Bxf3 Qxc5 17.Nce4 Rxf3 18.Qxf3 Qxd5 19.g4 Qe6 20.gxh5 d5 21.Rg1 dxe4 22.Qc3 Qh6
23.Qb3+ Kh8 24.Qxb7 e3 25.Qxa8 exf2+  0-1

[Event "URS-ch U26"]
[Site "Lvov"]
[Date "1985.??.??"]
[Round "?"]
[White "Neverov, Valeriy"]
[Black "Moskalenko, Viktor"]
[Result "1-0"]
[WhiteElo "2480"]
[BlackElo "2460"]

1.d4 Nf6 2.c4 e6 3.Nf3 c5 4.d5 exd5 5.cxd5 d6 6.Nc3 g6 7.e4 Bg7 8.Nd2 Nbd7
9.Be2 O-O 10.O-O Re8 11.f4 c4 12.a4 Nc5 13.Bf3 b6 14.e5 dxe5 15.fxe5 Rxe5
16.Nxc4 Re8 17.Bg5 Ba6 18.Nb5 Qd7 19.Bxf6 Bxf6 20.d6 Bg7 21.Bxa8 Rxa8 22.Re1 Nxa4
23.Nc7 Bxc4 24.Rxa4 Bb5 25.Rae4 Rd8 26.Re8+ Qxe8 27.Nxe8 Bxe8 28.d7  1-0

[Event "WchT U26"]
[Site "Mendoza"]
[Date "1985.??.??"]
[Round "5"]
[White "Almada, Enrique"]
[Black "Kindermann, Stefan"]
[Result "0-1"]
[WhiteElo "2235"]
[BlackElo "2490"]

1.d4 Nf6 2.c4 e6 3.Nf3 c5 4.d5 exd5 5.cxd5 d6 6.Nc3 g6 7.Bf4 a6 8.a4 Bg7
9.e4 Bg4 10.Be2 Bxf3 11.Bxf3 O-O 12.O-O Qe7 13.a5 Nbd7 14.Re1 Rfe8 15.Qd2 Ne5
16.Be2 Nfd7 17.Bg5 f6 18.Bh4 Kh8 19.f4 Bh6 20.g4 Bxf4 21.Qxf4 g5 22.Qf2 gxh4
23.Qxh4 Rg8 24.Kh1 c4 25.Rf1 Rg6 26.Rf5 Nc5 27.Raf1 Kg7 28.g5 fxg5 29.Qf2 Kh8
30.Qd4 Nb3 31.Qb6 g4 32.R1f4 Nc5 33.Nd1 Rag8 34.Ne3 g3 35.Rh5 gxh2 36.Nf5 Rg1+
37.Kxh2 R8g2+ 38.Kh3 Rg5  0-1

[Event "New York Manhattan"]
[Site "New York"]
[Date "1985.??.??"]
[Round "6"]
[White "Dlugy, Maxim"]
[Black "Lobron, Eric"]
[Result "1/2-1/2"]
[WhiteElo "2485"]
[BlackElo "2505"]

1.d4 Nf6 2.c4 e6 3.Nf3 c5 4.d5 exd5 5.cxd5 d6 6.Nc3 g6 7.Nd2 Bg7 8.e4 O-O
9.Be2 Nbd7 10.f4 Ne8 11.O-O f5 12.exf5  1/2-1/2

[Event "Nikea op"]
[Site "Nikea"]
[Date "1985.??.??"]
[Round "?"]
[White "Foisor, Ovidiu"]
[Black "Alexakis, Dimitrios"]
[Result "1/2-1/2"]
[WhiteElo "2430"]
[BlackElo "2290"]

1.d4 Nf6 2.c4 e6 3.Nf3 c5 4.d5 exd5 5.cxd5 d6 6.Nc3 g6 7.g3 Bg7 8.Bg2 O-O
9.O-O Re8 10.Nd2 a6 11.a4 Nbd7 12.h3 Rb8 13.Nc4 Ne5 14.Na3 Nh5 15.e4 Rf8
16.Kh2 f5 17.f4 fxe4 18.Bxe4 Nf7 19.g4 Nf6 20.Bf3 Re8 21.Nc4 Nd7 22.Re1 b6  1/2-1/2

[Event "JUG-ch"]
[Site "Novi Sad"]
[Date "1985.??.??"]
[Round "?"]
[White "Barlov, Dragan"]
[Black "Cebalo, Miso"]
[Result "1/2-1/2"]
[WhiteElo "2430"]
[BlackElo "2485"]

1.d4 Nf6 2.c4 e6 3.Nf3 c5 4.d5 exd5 5.cxd5 d6 6.Nc3 g6 7.Nd2 Nbd7 8.e4 Bg7
9.Be2 O-O 10.O-O Re8 11.a4 Ne5 12.Ndb1 c4 13.Na3 a6 14.Bf4 Nfd7 15.Be3 Qc7
16.Rc1 Nc5 17.Nxc4 Nxc4 18.Bxc4 Qa5 19.Bd2 Qd8 20.Re1 f5 21.exf5 Bxf5 22.b4 Nd7
23.Bf1 Ne5 24.Ne4 Nf7 25.Ng3 Bd7 26.a5 Rc8 27.h3 Bd4 28.Rxe8+ Qxe8 29.Rxc8 Bxc8
30.Qc1 Bd7 31.Be3 Bxe3 32.Qxe3 Qxe3 33.fxe3 Kg7 34.e4 h5 35.Kf2 h4 36.Nh1 Kf6
37.Ke3 Ne5 38.Nf2 g5 39.Be2 Ke7 40.Bh5 Bb5 41.Be2 Bd7 42.Kd4 Ng6 43.Bh5 Nf4
44.Bf3 Ng6 45.Nd3 Kf6 46.e5+ Nxe5 47.Nxe5 dxe5+ 48.Kc5 Bf5 49.Kd6 e4 50.Be2 e3
51.Kc7 Ke5 52.d6 Kf4 53.d7 Bxd7 54.Kxd7 Kg3 55.Bf3 Kf2 56.Kc7 e2 57.Bxe2 Kxe2
58.Kxb7 Kf2 59.Kxa6 Kxg2 60.Kb5 Kxh3 61.a6 g4 62.a7 g3 63.a8=Q g2 64.Qf3+ Kh2
65.Qf4+ Kh3 66.Qf2 g1=Q 67.Qxg1  1/2-1/2

[Event "SVK-ch"]
[Site "Piestany"]
[Date "1985.??.??"]
[Round "11"]
[White "Husek, Zdenek"]
[Black "Biro, Karol"]
[Result "1-0"]
[WhiteElo "2200"]
[BlackElo "2200"]

1.d4 Nf6 2.Nf3 c5 3.d5 e6 4.c4 exd5 5.cxd5 d6 6.Nc3 g6 7.g3 Bg7 8.Bg2 O-O
9.O-O Re8 10.Nd2 b6 11.a4 Na6 12.Nc4 Nc7 13.Nxd6 Qxd6 14.Bf4 Qd7 15.d6 Ne6
16.Bxa8 Nxf4 17.gxf4 Nh5 18.Bf3 Nxf4 19.e3 Nh3+ 20.Kh1 h5 21.Qd5 Rd8 22.a5 Qxd6
23.Qxd6 Rxd6 24.axb6 Rxb6 25.Na4 Rf6 26.Bg2 Nxf2+ 27.Kg1 Nd3 28.Rxf6 Bxf6
29.Rd1 c4 30.b3 Bg4 31.Rf1 Bg5 32.bxc4 Bxe3+ 33.Kh1 Be2 34.Rb1 Nf2+ 35.Kg1 Bxc4
36.Rb8+ Kg7 37.Nb2 Nd1+ 38.Kh1 Nxb2 39.Rxb2 a5 40.Bc6 Be6 41.Kg2 Bd4 42.Rb5 Bc3
43.Rb8 g5 44.Rb5 Kf6 45.h4 gxh4 46.Rxh5 h3+ 47.Kf3 Be5 48.Ke3 h2 49.Rh8 Ke7
50.Ra8 Bc7 51.Kf2 Bd7 52.Bf3 a4 53.Kg2 Bb5 54.Ra7 Kd7 55.Kh1 f6 56.Kg2 Kd6
57.Kxh2 Kc5+ 58.Rxc7+ Kb6 59.Rf7 Bc4 60.Rb7+ Ka6 61.Rb4 Bb3 62.Be2+  1-0

[Event "Nordic-chT"]
[Site "Pohja"]
[Date "1985.??.??"]
[Round "?"]
[White "Yrjola, Jouni"]
[Black "Paavilainen, Jorma"]
[Result "1-0"]
[WhiteElo "2460"]
[BlackElo "2315"]

1.d4 Nf6 2.c4 e6 3.Nf3 c5 4.d5 exd5 5.cxd5 d6 6.Nc3 g6 7.Bf4 a6 8.a4 Bg7
9.e4 O-O 10.Be2 Nh5 11.Bg5 Qb6 12.Qc1 Bg4 13.O-O Nd7 14.Re1 c4 15.a5 Qc7
16.Ra4 b5 17.axb6 Nxb6 18.Ra3 Bxf3 19.Bxf3 Nd7 20.Bxh5 gxh5 21.Bh6 Qd8 22.Bxg7 Kxg7
23.Ne2 Ne5 24.Rg3+ Kh8 25.Qh6 Rg8 26.Nd4 Rxg3 27.hxg3 Ng4 28.Qf4 Qf6 29.Qxf6+ Nxf6
30.f3 Rb8 31.Rc1 Rb4 32.Nf5 Nd7 33.Nxd6 Ne5 34.Rc2 Kg7 35.Kf1 Nd3 36.Nxc4 Kf6
37.Ke2 Nc5 38.Ke3 Ke7 39.Kd4 Nd7 40.Kc3 Rb5 41.b4  1-0

[Event "DSV-Turnier"]
[Site "Potsdam"]
[Date "1985.??.??"]
[Round "3"]
[White "Stohl, Igor"]
[Black "Garcia Gonzales, Guillermo"]
[Result "1/2-1/2"]
[WhiteElo "2445"]
[BlackElo "2440"]

1.d4 Nf6 2.c4 e6 3.Nf3 c5 4.d5 exd5 5.cxd5 d6 6.Nc3 g6 7.Nd2 Nbd7 8.e4 Bg7
9.Be2 O-O 10.O-O Nb6 11.a4  1/2-1/2

[Event "DSV-Turnier"]
[Site "Potsdam"]
[Date "1985.??.??"]
[Round "12"]
[White "Gruenberg, Hans Ulrich"]
[Black "Agzamov, Georgy"]
[Result "1-0"]
[WhiteElo "2455"]
[BlackElo "2590"]

1.d4 Nf6 2.c4 c5 3.d5 e6 4.Nc3 exd5 5.cxd5 d6 6.Nf3 g6 7.Bf4 Bg7 8.Qa4+ Bd7
9.Qb3 Qc7 10.e4 O-O 11.Nd2 Nh5 12.Be3 f5 13.exf5 gxf5 14.Be2 Be8 15.Nf3 h6
16.Nb5 Bxb5 17.Qxb5 a6 18.Qd3 Qe7 19.O-O Nd7 20.Rae1 b5 21.b3 Rac8 22.a4 Rb8
23.axb5 axb5 24.Bd1 Qf7 25.Bc2 Nb6 26.Nh4 Qxd5 27.Qxb5 f4 28.Rd1 Qg5 29.Nf3 Qg4
30.Bc1 d5 31.h3 Qe6 32.Rfe1 Qd6 33.Qd3 Nf6 34.Qg6 Rb7 35.Nh4 Kh8 36.Nf5 Qc7
37.Nxh6 d4 38.Re6 Nbd5 39.Rde1 Bxh6 40.Qxh6+ Kg8 41.R1e5 Qd8 42.Rg5+ Kf7
43.Ree5 Rg8 44.Bg6+ Rxg6 45.Qxg6+ Kf8 46.Qh6+  1-0